Self-Twist Yarn : (Record no. 5611)
[ view plain ]
| 000 -LEADER | |
|---|---|
| fixed length control field | 00508nam a22001817a 4500 |
| 003 - CONTROL NUMBER IDENTIFIER | |
| control field | BUBTL |
| 008 - FIXED-LENGTH DATA ELEMENTS--GENERAL INFORMATION | |
| fixed length control field | 171217b xxu||||| |||| 00| 0 eng d |
| 020 ## - INTERNATIONAL STANDARD BOOK NUMBER | |
| International Standard Book Number | 1-85573-975-5 |
| 082 ## - DEWEY DECIMAL CLASSIFICATION NUMBER | |
| Classification number | 677HES |
| 100 ## - MAIN ENTRY--PERSONAL NAME | |
| 9 (RLIN) | 1665 |
| Personal name | Henshaw D.E. |
| 245 ## - TITLE STATEMENT | |
| Title | Self-Twist Yarn : |
| Statement of responsibility, etc. | D.E.Henshaw |
| 260 ## - PUBLICATION, DISTRIBUTION, ETC. (IMPRINT) | |
| Place of publication, distribution, etc. | Cambridge : |
| Name of publisher, distributor, etc. | Woodhead Publishing Limited, |
| Date of publication, distribution, etc. | c1971. |
| 300 ## - PHYSICAL DESCRIPTION | |
| Extent | vi,159 p. : |
| Other physical details | ill. ; |
| Dimensions | 21 cm. |
| 650 #0 - SUBJECT ADDED ENTRY--TOPICAL TERM | |
| 9 (RLIN) | 909 |
| Topical term or geographic name as entry element | Textile Engineering |
| 856 ## - ELECTRONIC LOCATION AND ACCESS | |
| Password | 0 |
| Logon | 0 |
| Link text | Download |
| 942 ## - ADDED ENTRY ELEMENTS (KOHA) | |
| Source of classification or shelving scheme | |
| Koha item type | Books |
| Withdrawn status | Lost status | Source of classification or shelving scheme | Damaged status | Not for loan | Collection code | Permanent location | Current location | Shelving location | Date acquired | Inventory number | Total Checkouts | Full call number | Barcode | Date last seen | Copy number | Price effective from | Koha item type |
|---|---|---|---|---|---|---|---|---|---|---|---|---|---|---|---|---|---|
| Not For Loan | Non-fiction | Bangladesh University of Business and Technology Library | Bangladesh University of Business and Technology Library | Textile Engineering Stacks | 07/17/2010 | 7399 | 677HES | BUBTL-20037399 | 12/17/2017 | C-1 | 12/17/2017 | Books |
